000 00438nam a2200169Ia 4500
999 _c30317
_d30317
003 OSt
005 20250719134352.0
008 250310s9999||||xx |||||||||||||| ||und||
040 _c.
082 _a428.2
_bP2751
100 _96187
_aPartridge, Eric
245 0 _aUsage and Abusage : A Guide to Good English /
_cEric Partridge
250 _aNew ed.
260 _aLondon :
_bHamish hamilton,
_c1961.
300 _a390 p.
942 _cBK
_2ddc